Treaty for East African Co-operation / (Record no. 4891)

MARC details
000 -LEADER
fixed length control field 00535cam a22001691 4500
003 - CONTROL NUMBER IDENTIFIER
control field OSt
005 - DATE AND TIME OF LATEST TRANSACTION
control field 20171019190720.0
008 - FIXED-LENGTH DATA ELEMENTS--GENERAL INFORMATION
fixed length control field 700217s1967 ke f000 0 eng
040 ## - CATALOGING SOURCE
Original cataloging agency DLC
Transcribing agency DDC
Modifying agency DDC
-- MoSU-L
082 00 - DEWEY DECIMAL CLASSIFICATION NUMBER
Classification number 341.026
Edition number 22
Item number TRE
110 1# - MAIN ENTRY--CORPORATE NAME
Corporate name or jurisdiction name as entry element Kenya.
9 (RLIN) 6042
245 10 - TITLE STATEMENT
Title Treaty for East African Co-operation /
260 ## - PUBLICATION, DISTRIBUTION, ETC. (IMPRINT)
Place of publication, distribution, etc Nairobi :
Name of publisher, distributor, etc Printed on behalf of the East African Common Service Organization by the Govt. Printer,
Date of publication, distribution, etc 1967.
300 ## - PHYSICAL DESCRIPTION
Extent vi, 125 p. ;
Dimensions 25 cm.
610 20 - SUBJECT ADDED ENTRY--CORPORATE NAME
Corporate name or jurisdiction name as entry element East African Community.
9 (RLIN) 6043
942 ## - ADDED ENTRY ELEMENTS (KOHA)
Source of classification or shelving scheme Dewey Decimal Classification
Koha item type Books
Holdings
Withdrawn status Lost status Source of classification or shelving scheme Damaged status Not for loan Home library Current library Shelving location Date acquired Total Checkouts Full call number Barcode Date last seen Price effective from Koha item type
    Dewey Decimal Classification     Law Development Centre Main Library Law Development Centre Main Library Text Books and Laws 01/09/2012   341.026 TRE 3415/2012 01/09/2012 01/09/2012 Books